Reforma gossektora v KNR: poisk putej povyšenija effektivnosti.

Ekonomická reforma Číny sa neuskutočňovala cestou radikálnej privatizácie štátneho sektora. Dôraz sa kládol na hľadanie rôznych nových foriem realizácie štátneho vlastníctva (nájom, účastinárstvo). Dosiahnuté výsledky ukázali, že všetky tieto nové formy podstatne zvyšovali efektívnosť štátneho sekto...

Celý popis

Uložené v:
Podrobná bibliografia
Hlavný autor: Onikijenko, A.
Médium: Kapitola
Jazyk:Russian
Predmet:
Tagy: Pridať tag
Žiadne tagy, Buďte prvý, kto otaguje tento záznam!

MARC

LEADER 00000naa a2200000 4500
001 r010411
005 20221130113151.7
041 0 |a rus 
044 |a [SU] 
245 1 0 |a Reforma gossektora v KNR: poisk putej povyšenija effektivnosti.  |c A. Onikijenko 
520 |a Ekonomická reforma Číny sa neuskutočňovala cestou radikálnej privatizácie štátneho sektora. Dôraz sa kládol na hľadanie rôznych nových foriem realizácie štátneho vlastníctva (nájom, účastinárstvo). Dosiahnuté výsledky ukázali, že všetky tieto nové formy podstatne zvyšovali efektívnosť štátneho sektora. 
610 2 0 |a reformy hospodárske 
610 2 0 |a sektor štátny 
610 2 0 |a Čína 
610 2 0 |a efektívnosť 
610 2 0 |a vlastníctvo štátne 
610 2 0 |a prenájom 
610 2 0 |a akcie 
610 2 0 |a podnik štátny 
610 2 0 |a štát-podnik 
100 1 |a Onikijenko, A.